Lima y espacios públicos : (Record no. 23590)

000 -CABECERA
fixed length control field 01124nam a22002777i 4500
003 - IDENTIFICADOR DEL NÚMERO DE CONTROL
control field AR-CdUCM
008 - DATOS DE LONGITUD FIJA--INFORMACIÓN GENERAL
fixed length control field 260406b20202020 pe|a||| |||| 00| 0 spa d
020 ## - NÚMERO INTERNACIONAL ESTÁNDAR DEL LIBRO
ISBN 978-612-317-609-9
040 ## - FUENTE DE LA CATALOGACIÓN
Agencia/entidad que catalogó originalmente la obra MUNICIPALIDAD PROVINCIAL DEL CUSCO
Entidad que transcribió la catalogación BIBLIOTECA MUNICIPAL DEL CUSCO
082 ## - NÚMERO DE LA CLASIFICACIÓN DECIMAL DEWEY
No. de la edición 2°edición
No. de Clasificación 318
Notacion interna L96
100 ## - ENTRADA PRINCIPAL--NOMBRE DE PERSONA
Nombre Personal Ludeña Urquizo, Wiley
245 ## - MENCIÓN DE TÍTULO
Título Lima y espacios públicos :
Resto del título Perfiles y estadistica integrada 2010 /
260 ## - PUBLICACIÓN, DISTRIBUCIÓN, ETC.
Lugar de publicación, distribución, etc. Lima-Perú
Nombre de la editorial, distribuidor, etc. Pontificia Universidad Catolica del Perú
Fecha de publicación, distribución, etc. 2020
300 ## - DESCRIPCIÓN FÍSICA
Nº de Páginas Extensión 188 páginas. :
Dimensiones 30x21 cm.
505 ## - NOTA DE CONTENIDO CON FORMATO
Nota de contenido formateada Espacios públicos -- Lo publico y lo privado -- Lima y espacios públicos -- Variables y criterios -- Registro de información y variables -- Lima 2010 data y espacios públicos -- Cota final a modo de conclusiones
650 ## - PUNTO DE ACCESO ADICIONAL DE MATERIA--TÉRMINO DE MATERIA
Descriptor Espacios públicos
9 (RLIN) 52518
650 ## - PUNTO DE ACCESO ADICIONAL DE MATERIA--TÉRMINO DE MATERIA
Descriptor Lima y territorio
9 (RLIN) 52519
650 ## - PUNTO DE ACCESO ADICIONAL DE MATERIA--TÉRMINO DE MATERIA
Descriptor Escaleras
9 (RLIN) 20577
650 ## - PUNTO DE ACCESO ADICIONAL DE MATERIA--TÉRMINO DE MATERIA
Descriptor Veredas
9 (RLIN) 52520
650 ## - PUNTO DE ACCESO ADICIONAL DE MATERIA--TÉRMINO DE MATERIA
Descriptor Plazas y plazuelas
9 (RLIN) 52521
650 ## - PUNTO DE ACCESO ADICIONAL DE MATERIA--TÉRMINO DE MATERIA
Descriptor Aéreas verdes
9 (RLIN) 52522
856 ## - LOCALIZACIÓN Y ACCESO ELECTRÓNICOS
Dirección electrónica www.fondoeditorial.pucp.edu.pe
942 ## - ELEMENTOS DE PUNTO DE ACCESO ADICIONAL (KOHA)
Fuente de clasificación
Tipo de item Libros-BMC
945 ## - PROCESAMIENTO DE INFORMACIÓN LOCAL (OCLC)
Catalogador pbjr
AAAA-MM-DD - Fecha de ingreso o modificacion 06-04-2026
Holdings
Estado de retiro (separado) Fuente de clasificación o esquema de estanterías Estado dañado Ubicación Sala donde se ubica Nombre de la colección Fecha de adquisición o compra Fuente de adquisición Costo, precio normal en soles Signatura topográfica Código de Barras Última vez visto (Koha) Tipo de ítem (Koha)
No     Administrador-biblioteca Administrador-biblioteca Book Cart 2026-04-06     318/ L96 / e.2 SH0000017059 2026-04-06 Libros-BMC
No     Sala Humanidades Sala Humanidades Book Cart 2026-04-06 Donación 50.00 318 / L96 SH0000017058 2026-04-06 Libros-BMC

Powered by Koha